| 000 | 00352nam a22001457a 4500 | ||
|---|---|---|---|
| 020 | _qPB. | ||
| 040 | _cFIZZA ISHAQ | ||
| 082 |
_a620 _bVOL |
||
| 100 |
_aHARMS, VOLTI. _991231 |
||
| 245 |
_aENGINEERING IN TIME / _cVOLTI HARMS. |
||
| 250 | _a3rd ED. | ||
| 260 |
_aNEW DEHLI ; _bIMPERIAL COLLEGE PRESS, _c2006. |
||
| 300 | _a473 P. ; | ||
| 942 |
_2ddc _cBK |
||
| 999 |
_c589410 _d589410 |
||